Computer concepts and management information systems / (Record no. 76048)

MARC details
000 -LEADER
fixed length control field 00632nam a22002057a 4500
005 - DATE AND TIME OF LATEST TRANSACTION
control field 20131011111223.0
010 ## - LCCN (DPL NO)
LC control number ENG-107329
020 ## - INTERNATIONAL STANDARD BOOK NUMBER
International Standard Book Number 9788120347076
Terms of availability 195.00
035 ## - SYSTEM CONTROL NUMBER
System control number EN-90862
037 ## - SOURCE OF ACQUISITION
Source of stock number/acquisition DBAD/PUB
082 ## - DEWEY DECIMAL CLASSIFICATION NUMBER
Classification number 004
100 ## - MAIN ENTRY--PERSONAL NAME
Personal name Jha, Davendranath G.
245 ## - TITLE STATEMENT
Title Computer concepts and management information systems /
Statement of responsibility, etc by Davendranath G. Jha
250 ## - EDITION STATEMENT
Edition statement 2nd ed
260 ## - PUBLICATION, DISTRIBUTION, ETC. (IMPRINT)
Place of publication, distribution, etc New Delhi
Name of publisher, distributor, etc PHI Learning
Date of publication, distribution, etc 2013
270 ## - ADDRESS
Address Rimjhim House, 111, Patparganj Industrial Estate
City Delhi
Postal code 110091
300 ## - PHYSICAL DESCRIPTION
Extent xiv, 218p.:
Dimensions 24cm(pbk)
Other physical details ill.
500 ## - GENERAL NOTE
General note Includes index
942 ## - ADDED ENTRY ELEMENTS (KOHA)
Source of classification or shelving scheme Dewey Decimal Classification
Item type English Books
Call number suffix JHA
Classification part 004
Holdings
Withdrawn status Lost status Not for loan Collection code Home library Current library Date acquired Source of acquisition Cost, normal purchase price Full call number Barcode Copy number Cost, replacement price Koha item type
    Not For Loan Non-fiction D.B.Act.Division D.B.Act.Division 24/05/2013 DBAD / PUB 195.00 004 JHA EN-90862 1 195.00 English Books

© Delhi Public Library
Hit Counter
free hit counter